000 00749nas a2200241 4500
001 BR7700617
003 BR-BrBNA
005 20231205083046.0
007 ta
008 230509b bl.|||p| |||| 00| 00por d
040 _aBR-BrBNA
_bpor
_cBiblioteca Nacional de Agricultura
041 _a(Pt)
072 _aQ10
100 1 _aBockelmann, B. von
245 1 _aProcessamento asseptico e empacotamento de produtos alimenticios liquidos (leite, creme, agua, sucos)
650 _aLEITE
650 _aCREME DE LEITE
650 _aSUCO
650 _aEMBALAGEM
773 0 _tRevista do Instituto de Laticinios Candido Tostes (Brazil)
_x
_g(May 1976), v. 31(185) p. 11-18
_wBR7700617
909 _a202311
_bLúcia
_c55
_dLúcia Elande
942 _2AGRIS
_n0
_cANA
999 _c96101
_d96101